[Event "Werner-Ott-Open Kreuzberger Sommer 2018"]
[Site "Berlin"]
[Date "2018.07.01"]
[Round "2.20"]
[White "Woerz, Markus"]
[Black "Kreuchauf, Olaf"]
[Result "1-0"]
[WhiteElo "2007"]
[BlackElo "1693"]
[PlyCount "87"]
[EventDate "2018.06.30"]
[EventType "swiss"]
[EventRounds "9"]
[EventCountry "GER"]
[SourceTitle "WOOKS_2018_R2"]
[Source "Andreas Lange"]
[SourceDate "2018.07.01"]
[SourceVersion "1"]
[SourceVersionDate "2018.07.01"]
[SourceQuality "1"]
[WhiteTeam "SC Kreuzberg"]
[BlackTeam "SC Eintracht Berlin"]
[WhiteTeamCountry "GER"]
[BlackTeamCountry "GER"]

1. e4 Nf6 2. e5 Nd5 3. d4 d6 4. Nf3 dxe5 5. Nxe5 c6 6. Be2 Bf5 7. O-O Nd7 8.
Nf3 e6 9. Re1 Bd6 10. g3 O-O 11. Nh4 Ne7 12. Bf1 Re8 13. Nc3 Rc8 14. Nxf5 exf5
15. Qf3 Nf8 16. Bd3 Ne6 17. Be3 g6 18. Rad1 Nc7 19. Bg5 Qd7 20. Ne2 Ne6 21. Bc1
Nd5 22. c4 Ndc7 23. Bd2 Bf8 24. Be3 b6 25. Bc2 b5 26. d5 cxd5 27. cxd5 Nd8 28.
Bb3 a5 29. a3 Na6 30. Rc1 Nc5 31. Bc2 b4 32. axb4 axb4 33. Nd4 Ne4 34. Bb3 Nc5
35. Bc4 Ne4 36. Bb5 Rxc1 37. Bxd7 Rxe1+ 38. Kg2 Re7 39. Bb5 Rb7 40. Bd3 Nc5 41.
Bc4 Ne4 42. Nxf5 gxf5 43. Qxf5 Nd6 44. Qg5+ 1-0